| 000 | 00000nam 2200000za 4500 |
| 001 | 9.697872 |
| 003 | CaOODSP |
| 005 | 20210624235656 |
| 007 | cr ||||||||||| |
| 008 | 150407s1901||||xxc ||||o f000 0 eng d |
| 040 | |aCaOODSP|beng |
| 043 | |an-cn--- |
| 086 | 1 |aA22-580/1901E-PDF |
| 100 | 1 |aRobertson, James W. |q(James Wilson) |d1857-1930. |
| 245 | 14|aThe food products of Canada and names of some exporters |h[electronic resource] / |cby Jas. W. Robertson. |
| 246 | 1 |aThe food products of Canada |
| 260 | |aOttawa : |bDepartment of Agriculture, Commissioner's Branch, |c1901. |
| 300 | |a44 p. : |btable. |
| 500 | |aHistorical publication digitized by Agriculture and Agri-Food Canada. |
| 590 | |a13-17-Supp|b2013-07-25 |
| 690 | 07|aAgri-food industry|2gcpds |
| 690 | 07|aAgri-food products|2gcpds |
| 690 | 07|aAgriculture|2gcpds |
| 690 | 07|aFarming|2gcpds |
| 690 | 07|aExports|2gcpds |
| 710 | 1 |aCanada.|bDepartment of Agriculture.|bCommissioner's Branch. |
| 856 | 40|ahttp://publications.gc.ca|qPDF|s16.22 MB|uhttps://publications.gc.ca/collections/collection_2013/aac-aafc/agrhist/A22-580-1901-eng.pdf |